How to use cost benefit analysis in project appraisal (Record no. 18780)
[ view plain ]
| 000 -LEADER | |
|---|---|
| fixed length control field | 00367nam a22001457a 4500 |
| 020 ## - INTERNATIONAL STANDARD BOOK NUMBER | |
| International Standard Book Number | 0716102765 |
| 082 ## - DEWEY DECIMAL CLASSIFICATION NUMBER | |
| Classification number | 658.1554FRO |
| 100 ## - MAIN ENTRY--PERSONAL NAME | |
| Personal name | FROST,M. J. |
| 245 ## - TITLE STATEMENT | |
| Title | How to use cost benefit analysis in project appraisal |
| 250 ## - EDITION STATEMENT | |
| Edition statement | 2nd ed. |
| 260 ## - PUBLICATION, DISTRIBUTION, ETC. | |
| Place of publication, distribution, etc. | Britain |
| Name of publisher, distributor, etc. | Gower press |
| Date of publication, distribution, etc. | 1979 |
| 300 ## - PHYSICAL DESCRIPTION | |
| Extent | xiv,202p. |
| Other physical details | ill.:charts,tables,26cm |
| 500 ## - GENERAL NOTE | |
| General note | index |
| 942 ## - ADDED ENTRY ELEMENTS (KOHA) | |
| Koha item type | Books |
No items available.
